[Event "Campeonato de Moscú 2008 - Final"]
[Site "Moscú RUS"]
[Date "2008.05.12"]
[Round "1.1"]
[White "Gorbatov, Alexej"]
[Black "Savchenko, Boris"]
[Result "0-1"]
[WhiteElo "2414"]
[BlackElo "2569"]
[PlyCount "97"]
[EventDate "2008.05.12"]
[EventType "tourn"]
[EventRounds "7"]
[EventCountry "RUS"]
[Source "lmi"]
[SourceDate "2008.05.12"]

1. Nf3 c5 2. c4 Nf6 3. Nc3 d5 4. cxd5 Nxd5 5. d4 cxd4 6. Qxd4 Nxc3 7. Qxc3 Nc6
8. e4 Bg4 9. Bb5 Rc8 10. Be3 a6 11. Rd1 Qc7 12. Bxc6+ Qxc6 13. Qxc6+ Rxc6 14.
Ne5 Bxd1 15. Nxc6 Bc2 16. Na5 Bxe4 17. f3 Bd5 18. Kf2 e6 19. Rc1 Kd7 20. Bf4
Bd6 21. Bxd6 Kxd6 22. Nc4+ Ke7 23. Ne3 Bc6 24. f4 Rd8 25. Rd1 Rxd1 26. Nxd1 Kd6
27. g3 Bd5 28. Nc3 Kc5 29. Ke3 b5 30. Kd3 Bc4+ 31. Ke3 Kb4 32. Kd2 a5 33. Kc2
f6 34. Kd2 h6 35. h4 h5 36. Ke3 Bxa2 37. Nxa2+ Kb3 38. Nc3 b4 39. Ne4 Kxb2 40.
Nc5 Kc2 41. Nxe6 a4 42. Nd4+ Kc3 43. Nb5+ Kb2 44. Kd3 a3 45. Nd6 a2 46. Nc4+
Kb3 47. Nd2+ Ka3 48. Nc4+ Ka4 49. Nb2+ 0-1

[Event "Campeonato de Moscú 2008 - Final"]
[Site "Moscú RUS"]
[Date "2008.05.12"]
[Round "1.4"]
[White "Rychagov, Andrey"]
[Black "Gabrielian, Artur"]
[Result "1/2-1/2"]
[WhiteElo "2565"]
[BlackElo "2494"]
[PlyCount "47"]
[EventDate "2008.05.12"]
[EventType "tourn"]
[EventRounds "7"]
[EventCountry "RUS"]
[Source "lmi"]
[SourceDate "2008.05.12"]

1. d4 Nf6 2. Nf3 d5 3. c4 c6 4. Nc3 a6 5. Ne5 Nbd7 6. Bf4 dxc4 7. Nxc4 b5 8.
Ne5 Bb7 9. e3 e6 10. Qf3 Ra7 11. Bd3 c5 12. Qh3 Qa8 13. f3 cxd4 14. exd4 Qd8
15. Rd1 Qb6 16. Nxd7 Nxd7 17. Qg3 g6 18. O-O Bg7 19. Kh1 Bxd4 20. Bc7 Qc5 21.
Bd6 Qb6 22. Bc7 Qc5 23. Bd6 Qb6 24. Bc7 1/2-1/2

[Event "Campeonato de Moscú 2008 - Final"]
[Site "Moscú RUS"]
[Date "2008.05.13"]
[Round "2.1"]
[White "Savchenko, Boris"]
[Black "Gabrielian, Artur"]
[Result "0-1"]
[WhiteElo "2569"]
[BlackElo "2494"]
[PlyCount "74"]
[EventDate "2008.05.12"]
[EventType "tourn"]
[EventRounds "7"]
[EventCountry "RUS"]
[Source "lmi"]
[SourceDate "2008.05.12"]

1. e4 c5 2. Nf3 d6 3. d4 cxd4 4. Nxd4 Nf6 5. Nc3 a6 6. Be3 e6 7. f3 b5 8. g4 b4
9. Nce2 h6 10. Qd2 e5 11. Nb3 Nc6 12. Ng3 Be6 13. Rd1 g6 14. Be2 Qc7 15. O-O h5
16. gxh5 Nxh5 17. Nxh5 Rxh5 18. f4 Rh4 19. Qe1 Rh3 20. Bf3 Bh6 21. Bg2 Rxe3 22.
Qxe3 Bxf4 23. Rxf4 exf4 24. Qxf4 Rd8 25. Qe3 a5 26. h3 a4 27. Nd4 Nxd4 28. Rxd4
Qc5 29. Qd2 a3 30. Qxb4 axb2 31. Qxb2 Ra8 32. a4 Rxa4 33. c3 Ra2 34. Qb4 Bxh3
35. Qb8+ Ke7 36. Qb7+ Kf8 37. Qa8+ Rxa8 0-1

[Event "Campeonato de Moscú 2008 - Final"]
[Site "Moscú RUS"]
[Date "2008.05.13"]
[Round "2.3"]
[White "Konovalov, Nikolay"]
[Black "Rustemov, Alexander"]
[Result "1/2-1/2"]
[WhiteElo "2426"]
[BlackElo "2552"]
[PlyCount "74"]
[EventDate "2008.05.12"]
[EventType "tourn"]
[EventRounds "7"]
[EventCountry "RUS"]
[Source "lmi"]
[SourceDate "2008.05.12"]

1. d4 d5 2. c4 c6 3. Nc3 dxc4 4. e3 b5 5. a4 b4 6. Na2 Nf6 7. Nxb4 e5 8. Nc2
Be6 9. Nf3 exd4 10. Qxd4 Na6 11. Qxd8+ Rxd8 12. Nfd4 Bd5 13. f3 Nb4 14. Bd2
Nd3+ 15. Bxd3 cxd3 16. Nb4 c5 17. Nxd5 Nxd5 18. Nc6 Rd6 19. Nxa7 c4 20. Nb5 Rc6
21. Rc1 Kd7 22. e4 Nb4 23. Na3 Bd6 24. Rxc4 Nc2+ 25. Kd1 Bxa3 26. Rxc6 Kxc6 27.
bxa3 Nxa3 28. Bc3 Nc4 29. Kc1 Rd8 30. Rd1 Kc5 31. g3 g6 32. g4 Rd7 33. h4 Ne3
34. Rg1 Nc4 35. Rd1 Ne3 36. Rg1 Nc4 37. Rd1 Ne3 1/2-1/2

[Event "Campeonato de Moscú 2008 - Final"]
[Site "Moscú RUS"]
[Date "2008.05.13"]
[Round "2.4"]
[White "Gorbatov, Alexej"]
[Black "Vorobiov, Evgeny E"]
[Result "0-1"]
[WhiteElo "2414"]
[BlackElo "2536"]
[PlyCount "150"]
[EventDate "2008.05.12"]
[EventType "tourn"]
[EventRounds "7"]
[EventCountry "RUS"]
[Source "lmi"]
[SourceDate "2008.05.12"]

1. d4 Nf6 2. Nf3 g6 3. c4 Bg7 4. Nc3 O-O 5. e4 d6 6. Be2 Nbd7 7. O-O e5 8. dxe5
dxe5 9. b4 c6 10. Ba3 Re8 11. Nd2 Bf8 12. Qc1 a5 13. bxa5 Qxa5 14. Bxf8 Nxf8
15. Nb3 Qa3 16. Qg5 N6d7 17. Bg4 Nb6 18. Bxc8 Raxc8 19. c5 Nbd7 20. Qe3 Ne6 21.
Rac1 Red8 22. Rc2 Qb4 23. Ne2 Ra8 24. f3 Ra3 25. Qf2 Rda8 26. Nec1 Nd4 27. Nxd4
exd4 28. Rd1 Rc3 29. Rxc3 Qxc3 30. Qxd4 Qxd4+ 31. Rxd4 Nxc5 32. Rc4 Ne6 33. a4
Rd8 34. Nb3 Rd1+ 35. Kf2 Rb1 36. Nd2 Rb2 37. Ke3 Kf8 38. h4 Ke7 39. g3 c5 40.
Kd3 Ra2 41. Nb3 b6 42. Kc3 h5 43. e5 Re2 44. Re4 Rxe4 45. fxe4 Kd7 46. Nd2 Nd4
47. Nc4 b5 48. axb5 Nxb5+ 49. Kd3 Ke6 50. Ke3 Nd4 51. Nd6 Nc6 52. Nb7 c4 53.
Nc5+ Kxe5 54. Nd7+ Kd6 55. Nf6 Kc5 56. Nd5 Ne5 57. Nc7 Ng4+ 58. Ke2 Nf6 59. e5
Kc6 60. Na6 Ng4 61. e6 fxe6 62. Nb8+ Kd6 63. Na6 Nh6 64. Nb4 Nf5 65. Kf3 Kc5
66. Na6+ Kd4 67. g4 hxg4+ 68. Kxg4 c3 69. Nb4 Kc4 70. Nc2 Kb3 71. Ne1 c2 72.
Nd3 Kc3 73. Nc1 Kd2 74. Nb3+ Kd1 75. Kg5 Nd4 0-1

[Event "Campeonato de Moscú 2008 - Final"]
[Site "Moscú RUS"]
[Date "2008.05.14"]
[Round "3.1"]
[White "Vorobiov, Evgeny E"]
[Black "Savchenko, Boris"]
[Result "1/2-1/2"]
[WhiteElo "2536"]
[BlackElo "2569"]
[PlyCount "124"]
[EventDate "2008.05.12"]
[EventType "tourn"]
[EventRounds "7"]
[EventCountry "RUS"]
[Source "lmi"]
[SourceDate "2008.05.12"]

1. e4 c5 2. Nf3 d6 3. d4 cxd4 4. Nxd4 Nf6 5. Nc3 Nc6 6. Bg5 e6 7. Qd2 Be7 8.
O-O-O Nxd4 9. Qxd4 O-O 10. f4 Qa5 11. Bc4 Bd7 12. e5 dxe5 13. fxe5 Bc6 14. Bd2
Nd7 15. Nd5 Qd8 16. Nxe7+ Qxe7 17. Rhe1 Rfd8 18. Qg4 Nf8 19. Bd3 Rd5 20. Bb4
Qd8 21. Bd6 Ng6 22. Bxg6 hxg6 23. b3 Qa5 24. Kb2 Rc8 25. Qe2 b5 26. g3 Qb6 27.
Rxd5 Bxd5 28. Qe3 Qc6 29. Qd2 g5 30. Re3 Be4 31. Rc3 Qxc3+ 32. Qxc3 Rxc3 33.
Kxc3 Kh7 34. Kb4 Bxc2 35. Kxb5 Bd3+ 36. Kc6 a6 37. b4 Bb5+ 38. Kb6 Kg6 39. a4
Bf1 40. b5 axb5 41. axb5 Kf5 42. Kc6 Kg4 43. Bf8 f5 44. Bxg7 f4 45. gxf4 gxf4
46. b6 Bg2+ 47. Kd6 f3 48. b7 f2 49. b8=Q f1=Q 50. Kxe6 Qf5+ 51. Kd6 Qd3+ 52.
Ke7 Qh7 53. Qc8+ Kh5 54. Kf8 Qe4 55. Qe8+ Kg4 56. Bf6 Qf5 57. Qf7 Kh3 58. Kg7
Kxh2 59. Qg6 Qxg6+ 60. Kf8 Qf5 61. e6 Bd5 62. e7 Bc6 1/2-1/2

[Event "Campeonato de Moscú 2008 - Final"]
[Site "Moscú RUS"]
[Date "2008.05.14"]
[Round "3.2"]
[White "Rustemov, Alexander"]
[Black "Gorbatov, Alexej"]
[Result "1-0"]
[WhiteElo "2552"]
[BlackElo "2414"]
[PlyCount "117"]
[EventDate "2008.05.12"]
[EventType "tourn"]
[EventRounds "7"]
[EventCountry "RUS"]
[Source "lmi"]
[SourceDate "2008.05.12"]

1. Nf3 g6 2. d4 Bg7 3. c4 c5 4. d5 d6 5. e4 e6 6. Nc3 exd5 7. exd5 Ne7 8. h3
O-O 9. Bd3 h6 10. O-O a6 11. Re1 b6 12. Bd2 Bf5 13. Ne4 b5 14. Qc1 bxc4 15.
Bxc4 Bxe4 16. Rxe4 Nf5 17. Bf4 Qf6 18. g4 g5 19. Bh2 Nd4 20. Nxd4 cxd4 21. Qf1
Nd7 22. Rae1 Nc5 23. Re7 a5 24. b3 Rfd8 25. f4 d3 26. fxg5 hxg5 27. Bxd3 Qd4+
28. Kg2 Qxd5+ 29. Be4 Nxe4 30. R7xe4 Rf8 31. Qc4 Qxc4 32. Rxc4 d5 33. Rc5 Rfd8
34. Rd1 a4 35. b4 Bf8 36. Rcxd5 Rxd5 37. Rxd5 Bxb4 38. Rxg5+ Kf8 39. Rb5 Be7
40. Rb8+ Rxb8 41. Bxb8 Kg7 42. Kf3 Kg6 43. Kf4 Bh4 44. Ke4 Be1 45. Bf4 Bh4 46.
Bd6 Be1 47. Be7 f6 48. Kd3 Bg3 49. Kc4 Kg5 50. Kb5 Be5 51. Kxa4 Kh4 52. Kb5
Kxh3 53. a4 Bc7 54. Bxf6 Kxg4 55. Bd4 Kf5 56. Bb6 Be5 57. a5 Ke6 58. a6 Bb8 59.
Kc6 1-0

[Event "Campeonato de Moscú 2008 - Final"]
[Site "Moscú RUS"]
[Date "2008.05.14"]
[Round "3.3"]
[White "Rychagov, Andrey"]
[Black "Konovalov, Nikolay"]
[Result "1/2-1/2"]
[WhiteElo "2565"]
[BlackElo "2426"]
[PlyCount "152"]
[EventDate "2008.05.12"]
[EventType "tourn"]
[EventRounds "7"]
[EventCountry "RUS"]
[Source "lmi"]
[SourceDate "2008.05.12"]

1. d4 Nf6 2. c4 c5 3. d5 b5 4. cxb5 a6 5. bxa6 Bxa6 6. Nc3 d6 7. Nf3 g6 8. g3
Bg7 9. Bg2 Nbd7 10. O-O Nb6 11. Rb1 Bc4 12. Nd2 Bxa2 13. Nxa2 Rxa2 14. Qb3 Ra8
15. Qb5+ Nbd7 16. Nc4 O-O 17. Bd2 Rb8 18. Qc6 Rc8 19. Ba5 Qe8 20. Qa4 Nb8 21.
Ra1 Qxa4 22. Rxa4 Nbd7 23. Bc3 Rb8 24. Ra7 Rfe8 25. Rfa1 Nb6 26. Ne3 Nfd7 27.
Rc7 Ra8 28. Rxa8 Rxa8 29. h4 Bxc3 30. bxc3 h5 31. Rb7 Rb8 32. Ra7 Kf8 33. f4
Nf6 34. Bf3 Nbd7 35. Nc4 Rb3 36. Ra3 Rb1+ 37. Kf2 Kg7 38. e4 Nb6 39. Nxb6 Rxb6
40. Ke3 Rb7 41. Ra1 Nd7 42. Kd3 Kf6 43. Kc2 Kg7 44. Ra6 Nb8 45. Ra8 Nd7 46. Ra3
Kf6 47. Ra6 Nb8 48. Ra8 Kg7 49. Ra3 Nd7 50. Ra2 Nb8 51. Ra8 Nd7 52. Ra3 Nb8 53.
Rb3 Rxb3 54. Kxb3 Nd7 55. Kc4 Kf8 56. Kb5 Ke8 57. Bg2 Kd8 58. Kc6 Nb8+ 59. Kb7
Nd7 60. Bf3 Nf8 61. g4 hxg4 62. Bxg4 e6 63. Kc6 f5 64. Bf3 fxe4 65. Bxe4 exd5
66. Kxd5 Ke7 67. f5 Nd7 68. Bc2 gxf5 69. Bxf5 Nb6+ 70. Kc6 Na4 71. c4 Nb2 72.
Kd5 Kf6 73. Kxd6 Nxc4+ 74. Kxc5 Kxf5 75. Kxc4 Kg4 76. Kd4 Kxh4 1/2-1/2

[Event "Campeonato de Moscú 2008 - Final"]
[Site "Moscú RUS"]
[Date "2008.05.14"]
[Round "3.4"]
[White "Gabrielian, Artur"]
[Black "Deviatkin, Andrei"]
[Result "1/2-1/2"]
[WhiteElo "2494"]
[BlackElo "2568"]
[PlyCount "65"]
[EventDate "2008.05.12"]
[EventType "tourn"]
[EventRounds "7"]
[EventCountry "RUS"]
[Source "lmi"]
[SourceDate "2008.05.12"]

1. e4 c5 2. Nf3 a6 3. Nc3 d6 4. d4 cxd4 5. Nxd4 Nf6 6. g3 e5 7. Nb3 Be6 8. Bg2
Be7 9. O-O O-O 10. a4 Nbd7 11. Re1 Qc7 12. Nd2 Qa5 13. Nf1 b5 14. Ne3 b4 15.
Ncd5 Bxd5 16. exd5 g6 17. Bd2 Rfb8 18. Qe2 Qc7 19. Qc4 Bd8 20. Qxc7 Bxc7 21. a5
b3 22. cxb3 Nc5 23. Bc3 Rxb3 24. Nc4 Rab8 25. f4 Nfd7 26. Bf1 exf4 27. gxf4 Kf8
28. Nd2 Rxb2 29. Bxb2 Rxb2 30. Nc4 Rb3 31. Nd2 Rb2 32. Nc4 Rb3 33. Nd2 1/2-1/2

[Event "Campeonato de Moscú 2008 - Final"]
[Site "Moscú RUS"]
[Date "2008.05.15"]
[Round "4.2"]
[White "Konovalov, Nikolay"]
[Black "Gabrielian, Artur"]
[Result "1/2-1/2"]
[WhiteElo "2426"]
[BlackElo "2494"]
[PlyCount "46"]
[EventDate "2008.05.12"]
[EventType "tourn"]
[EventRounds "7"]
[EventCountry "RUS"]
[Source "lmi"]
[SourceDate "2008.05.12"]

1. d4 d5 2. c4 e6 3. Nc3 c6 4. e4 dxe4 5. Nxe4 Bb4+ 6. Bd2 Qxd4 7. Bxb4 Qxe4+
8. Ne2 Na6 9. Bf8 Ne7 10. Bxg7 e5 11. Bxh8 Nb4 12. Qd6 Nc2+ 13. Kd2 Bf5 14. Rd1
Rd8 15. Qxd8+ Kxd8 16. Kc1+ Nd4 17. Nxd4 Qb1+ 18. Kd2 Qxb2+ 19. Ke1 Qc3+ 20.
Rd2 Qc1+ 21. Rd1 Qc3+ 22. Rd2 Qc1+ 23. Rd1 Ng8 1/2-1/2

[Event "Campeonato de Moscú 2008 - Final"]
[Site "Moscú RUS"]
[Date "2008.05.15"]
[Round "4.3"]
[White "Gorbatov, Alexej"]
[Black "Rychagov, Andrey"]
[Result "0-1"]
[WhiteElo "2414"]
[BlackElo "2565"]
[PlyCount "121"]
[EventDate "2008.05.12"]
[EventType "tourn"]
[EventRounds "7"]
[EventCountry "RUS"]
[Source "lmi"]
[SourceDate "2008.05.12"]

1. e4 e6 2. d4 d5 3. exd5 exd5 4. Nf3 Bd6 5. Bd3 Ne7 6. O-O Nbc6 7. h3 Nb4 8.
Be2 Bf5 9. Na3 a6 10. b3 O-O 11. c3 Nbc6 12. Nc2 Ng6 13. Bd3 Bxd3 14. Qxd3 Qd7
15. Bd2 Nce7 16. Rfe1 Qf5 17. Qxf5 Nxf5 18. g3 f6 19. Re2 Rfe8 20. Rae1 Rxe2
21. Rxe2 Kf7 22. Kg2 h5 23. Nfe1 c6 24. Nd3 a5 25. Re1 a4 26. Rb1 b5 27. Be1
Nge7 28. f3 Ng6 29. Bf2 axb3 30. axb3 Ra2 31. Rb2 Rxb2 32. Nxb2 h4 33. gxh4
Nf4+ 34. Kf1 Nxh3 35. Ne3 Ke6 36. Nxf5 Kxf5 37. Nd3 Nf4 38. Nxf4 Kxf4 39. Kg2
Ba3 40. Bg3+ Ke3 41. h5 Kd2 42. Kh3 Kxc3 43. Kg4 Kxd4 44. Kf5 Ke3 45. Be1 d4
46. Kg6 Bb2 47. f4 Kxf4 48. Bd2+ Ke4 49. Kxg7 d3 50. Kg6 f5 51. Kg5 c5 52. h6
Bd4 53. h7 c4 54. bxc4 bxc4 55. Bb4 c3 56. Bc5 c2 57. Bxd4 c1=Q+ 58. Kg6 Qc6+
59. Bf6 Qe8+ 60. Kg5 d2 61. h8=B 0-1

[Event "Campeonato de Moscú 2008 - Final"]
[Site "Moscú RUS"]
[Date "2008.05.16"]
[Round "5.4"]
[White "Deviatkin, Andrei"]
[Black "Konovalov, Nikolay"]
[Result "1/2-1/2"]
[WhiteElo "2568"]
[BlackElo "2426"]
[PlyCount "77"]
[EventDate "2008.05.12"]
[EventType "tourn"]
[EventRounds "7"]
[EventCountry "RUS"]
[Source "lmi"]
[SourceDate "2008.05.12"]

1. e4 c5 2. c3 e5 3. Nf3 Nc6 4. Bc4 Nf6 5. Ng5 d5 6. exd5 Nxd5 7. Qh5 g6 8. Qf3
Qxg5 9. Bxd5 Nd8 10. O-O Qf5 11. Qe3 Be6 12. Be4 Qf6 13. Na3 Qe7 14. d4 cxd4
15. cxd4 f5 16. Bd3 exd4 17. Qxd4 Bg7 18. Qa4+ Bd7 19. Bb5 Bxb5 20. Qxb5+ Nc6
21. Bg5 a6 22. Qxc6+ bxc6 23. Bxe7 Kxe7 24. Nc4 Bd4 25. Rac1 c5 26. Rc2 Kf6 27.
Rfc1 Rhb8 28. Kf1 a5 29. b3 a4 30. Nd2 Rb4 31. g3 axb3 32. Nxb3 Rba4 33. Nxc5
Bxc5 34. Rxc5 Rxa2 35. Rc6+ Kg5 36. R1c4 R8a4 37. h4+ Kh6 38. Rxa4 Rxa4 39. Kg2
1/2-1/2

[Event "Campeonato de Moscú 2008 - Final"]
[Site "Moscú RUS"]
[Date "2008.05.17"]
[Round "6.1"]
[White "Savchenko, Boris"]
[Black "Konovalov, Nikolay"]
[Result "1-0"]
[WhiteElo "2569"]
[BlackElo "2426"]
[PlyCount "73"]
[EventDate "2008.05.12"]
[EventType "tourn"]
[EventRounds "7"]
[EventCountry "RUS"]
[Source "lmi"]
[SourceDate "2008.05.12"]

1. c4 e5 2. Nc3 Bb4 3. Nd5 a5 4. a3 Be7 5. g3 Nf6 6. Nf3 Nxd5 7. cxd5 d6 8. Bg2
O-O 9. d3 c6 10. Nd2 cxd5 11. Bxd5 Qc7 12. Nc4 Be6 13. Ne3 Nd7 14. Bd2 Nf6 15.
Bxe6 fxe6 16. Rc1 Qd7 17. Nc4 Bd8 18. a4 Ng4 19. f3 d5 20. fxg4 dxc4 21. Rxc4
Bb6 22. Qb3 Qd5 23. e4 Qd6 24. Rf1 Rxf1+ 25. Kxf1 Qf8+ 26. Ke2 Qf2+ 27. Kd1 Rd8
28. Rc3 Kh8 29. Qxe6 Bc5 30. Qxe5 Bb4 31. Qg5 Qd4 32. Rc7 Bxd2 33. Qxd2 Qxa4+
34. Ke2 Qb5 35. Qc3 Qg5 36. h3 h5 37. Rc5 1-0

[Event "Campeonato de Moscú 2008 - Final"]
[Site "Moscú RUS"]
[Date "2008.05.17"]
[Round "6.3"]
[White "Vorobiov, Evgeny E"]
[Black "Gabrielian, Artur"]
[Result "1-0"]
[WhiteElo "2536"]
[BlackElo "2494"]
[PlyCount "75"]
[EventDate "2008.05.12"]
[EventType "tourn"]
[EventRounds "7"]
[EventCountry "RUS"]
[Source "lmi"]
[SourceDate "2008.05.12"]

1. e4 c5 2. Nf3 d6 3. d4 cxd4 4. Nxd4 Nf6 5. Nc3 a6 6. Be2 e6 7. f4 Qc7 8. Be3
Be7 9. O-O Nc6 10. Kh1 O-O 11. Qe1 Nxd4 12. Bxd4 b5 13. a3 Bb7 14. Qg3 Bc6 15.
Rae1 Qb7 16. Bd3 b4 17. axb4 Qxb4 18. Ne2 Qb7 19. e5 dxe5 20. Bxe5 Be4 21. Bxe4
Qxe4 22. Nd4 Qg6 23. f5 exf5 24. Nxf5 Rfe8 25. Qf3 Rac8 26. Nxe7+ Rxe7 27. Bxf6
Rxe1 28. Rxe1 gxf6 29. c3 Rd8 30. h3 Rd2 31. Re8+ Kg7 32. Qa8 Qb1+ 33. Kh2 Kh6
34. Rg8 Qf5 35. Qf8+ Kh5 36. Qxf7+ Kh6 37. Qf8+ Kh5 38. Qe8+ 1-0